| 000 | 00000nam##2200000za#4500 |
| 001 | 9.597384 |
| 003 | CaOODSP |
| 005 | 20210624204024 |
| 007 | cr ||||||||||| |
| 008 | 150406|2002||||xxc|||||o f|0| 0 fre|d |
| 040 | |aCaOODSP|bfre |
| 043 | |an-cn--- |
| 086 | 1 |aTU3-7/02-6F-PDF |
| 110 | 2 |aBureau de la sécurité des transports du Canada. |
| 245 | 10|aHeurt violent du feu 82 par l'ensemble remorqueur-chaland Progress/Pitts Carillon dans la Voie maritime du Saint-Laurent aux abords de l'île Broder (Ontario), le 21 avril 2002 |h[ressource électronique] |
| 260 | |bBureau de la sécurité des transports du Canada |c[2004]. |
| 300 | |a12p.|bill., carte, références, tableau, photographies |
| 490 | 1 |aRapport d'enquête maritime |vM02C0011 |
| 590 | |a10-05-Supp|b2010-07-20 |
| 775 | 08|tStriking of crib light 82 by the tug-barge unit Progress/Pitts Carillon in the Saint Lawrence Seaway off Broder Island, Ontario, 21 April 2002 |w(CaOODSP)9.565900 |
| 830 | #0|aRapport d'enquête maritime ;|vM02C0011|w(CaOODSP)9.501269 |
| 856 | 40|ahttp://publications.gc.ca|qPDF|s1295 Ko|uhttps://publications.gc.ca/collections/collection_2009/bst-tsb/TU3-7-02-6F.pdf|yM02C0011 |